MDQL
is popping MORE tags! Check the
thread
!
Quizzes
Events
Quiz Creation
Community
Videos
Private Events
Remove Ads
Sign In
Join for FREE
Feedback
Dark Mode
Quiz Categories
Sports
Geography
Music
Movies
Television
Just For Fun
Miscellaneous
History
Literature
Language
Science
Gaming
Entertainment
Religion
Holiday
For Kids
Quiz Lab
Recent
Popular Today
Quiz Kudos Today
Editor Picks
Curator Picks
Quizzes by...
Day
Popularity
Type
Ratings
Length
Year
Community
Subscriptions
Recent Discussions
Orange Saloon
Badges
Playlists
Quests
Create
Leaderboards
Showdown
Live 5
Trivia Bingo
Activity
Puzzle Library
Sporcle Events
Private Events
Virtual Trivia
Globe League
Become a Host
Pub Owners
SporcleCon
Opinionation
Our Games
Videos
Blog
Mobile Apps
Partnerships
Remove Ads and Go Orange
Feedback
Sports
Athletes
MLB
NBA
NHL
NFL
Soccer
Sports Teams
WWE
NCAA
Football
Premier League
Basketball
Baseball
Hockey
Golf
Tennis
Cricket
Rugby
Auto Racing
Olympics
World Cup
Sports
Athletes
MLB
NBA
NHL
NFL
Soccer
Sports Teams
WWE
NCAA
Football
Premier League
Basketball
Baseball
Hockey
Golf
Tennis
Cricket
Rugby
Auto Racing
Olympics
World Cup
Random Quiz
Search Sporcle
×
Quiz Lab
Quiz Lab
Sports
College
Type in answers that appear in a list
Type in answers that appear in a list
Classic
Best Score? Go Orange.
2010 NFl Draft Stats
Can you name the players selected in the First Round of the 2010 NFL Draft?
By
jvdawgs
7m
32 Questions
109 Plays
109 Plays
109 Plays
Comments
Comments
Give Quiz Kudos
Give Quiz Kudos
-
- Ratings
hide this ad
Replay
Link that replays current quiz
Next Quiz
Link to next quiz in quiz playlist
You Got
0%
They Got
Avg Score
59%
Avg Friend Score
Upgrade to see
Score Distribution
Jump to the score distribution portion of the page
Score
0/32
Timer
07:00
0
Plays Today
Team
Player
% Correct
St. Louis Rams
Sam Bradford
99.1%
Detroit Lions
Ndamukong Suh
94.5%
Tampa Bay Buccaneers
Gerald McCoy
88.1%
Kansas City Chiefs
Eric Berry
85.3%
Buffalo Bills
C.J. Spiller
78%
San Diego Chargers
Ryan Mathews
75.2%
Washington Redskins
Trent Williams
75.2%
Dallas Cowboys
Dez Bryant
75.2%
Cleveland Browns
Joe Haden
74.3%
Arizona Cardinals
Dan Williams
74.3%
Denver Broncos
Tim Tebow
73.4%
Pittsburgh Steelers
Maurkice Pouncey
68.8%
Seattle Seahawks
Russell Okung
67%
Seattle Seahawks
Earl Thomas
66.1%
Denver Broncos
Demaryius Thomas
66.1%
Detroit Lions
Jahvid Best
63.3%
Team
Player
% Correct
Oakland Raiders
Rolando McClain
62.4%
New York Jets
Kyle Wilson
58.7%
New England Patriots
Devin McCourty
53.2%
New York Giants
Jason Pierre-Paul
52.3%
Green Bay Packers
Bryan Bulaga
51.4%
San Francisco 49ers
Anthony Davis
48.6%
Cincinnati Bengals
Jermaine Gresham
45.9%
Philadelphia Eagles
Brandon Graham
43.1%
Houston Texans
Kareem Jackson
40.4%
San Francisco 49ers
Mike Iupati
38.5%
Tennessee Titans
Derrick Morgan
36.7%
Jacksonville Jaguars
Tyson Alualu
35.8%
Indianapolis Colts
Jerry Hughes
33%
Atlanta Falcons
Sean Weatherspoon
31.2%
New Orleans Saints
Patrick Robinson
29.4%
Miami Dolphins
Jared Odrick
28.4%
Quiz Playlist
Details
Report
Send in Message
Add To Playlist
Classic:
Type in answers that appear in a list
Quiz Source
Last Updated: Feb 16, 2017
Quiz Scoreboard
CHALLENGE
Sign Up to Join the Scoreboard
Show All
Scores
Hide
Comments
May contain spoilers
Recently Published
5x2 Blitz: Bands
by SL_Kpop136
Music
30s
Colored Red Africa Blitz
by spor1
Geography
30s
Find the 'City' Movie
by crazypaving
Movies
60s
More to Explore
Quiz From the Vault
Featured Blog Post
14 Easter Pick-up Lines to Find Eggs With
hide this ad
You Might Also Like...
Tags
College Quiz
NFL Quiz
1st Round
2010
Draft
Player
round
Selected
team
Today's Top Quizzes in Sports
Browse Sports
hide this ad
Today's Top Quizzes in College
Browse College
Top Contributed Quizzes in Sports
1
Players with Multiple 50 Home Run Seasons
2
Criteria MLB: Left Handed Sluggers
3
MLB Players with Two .350 Batting Average Seasons
4
Who Hit More Homers?
5
Premier League Clubs since 2000 (minefield)
6
Who Needs Fielders?
7
2020 F1 Drivers Logic Puzzle
8
Les entraîneurs de l'OM et du PSG au 21e siècle
9
Top 10 NHL Goal Scorers of All Time
10
MLB Hall of Famer by Rings
Explore More
Trending Topics
Kpop
Marvel
Disney
Anime
NBA
Harry Potter
Crossword
Country
Puzzle
Pokémon
The Office
Song
Soccer
WWE
NFL
hide this ad
More By:
jvdawgs
Quiz
Plays
Rating
Category
Featured
Created
Isogram Europe
80,291
4.49
Geography
Jul 4, 2011
Baseball Stat Leaders 2000-2010
24,041
4.07
Sports
Apr 7, 2011
College Football Conference Championships 2000-2010
16,885
4.02
Sports
Jul 12, 2011
Number One Rap Songs 2001-2011
9,284
4.00
Music
Jan 6, 2011
NBA Yearly Stat Leaders 2000-2010
5,867
4.17
Sports
Mar 2, 2011
Go to Creator's Profile
Score Distribution
Quiz Creator Spotlight
jvdawgs
Follow
Send a Message
Quizzes Created
-
Created Quiz Play Count
-
More By This Creator
Popular Quizzes Today
1
Find the 'City' Movie
2
5x2 Blitz: Bands
3
Colored Red Africa Blitz
4
Find the US States - No Outlines Minefield
5
The Countries of the World
6
Find the US States
7
9x9 Crossword: Cartoon Network
8
US States
More Sports Quizzes
Guess the Arsenal Player (Past and Present)
Quiz Lab
Trending Quizzes
Colored Red Europe Blitz I
Colored Red Africa Blitz II
Colored Red Europe Blitz III
Colored Red Europe Blitz II
Colored Red Africa Blitz III
Recently Updated
Champions League XIs: Real Madrid
pecheneg
Largest US Cities 1790-2010
pecheneg
Rides in Walt Disney World
pecheneg
Most Oscar Losses (Acting)
pecheneg
Beyoncé Albums
pecheneg
Leaping Animals
pecheneg
Reality TV Shows (A-Z)
bhenderson79
Rickey Henderson's Hall of Fame Teammates
pecheneg
Champions League XIs: Arsenal
pecheneg
Quick Pick: Celebrities in WWE's Hall of Fame
aduchscher
Trending Topics
Crossword
Kpop
Harry Potter
Marvel
Anime
NBA
Disney
Soccer
NFL
Puzzle
The Office
Song
WWE
Pokémon
Country
Your Account Isn't Verified!
In order to create a playlist on Sporcle, you need to verify the email address you used during registration. Go to your
Sporcle Settings
to finish the process.
Report this User
Report this user for behavior that violates our
Community Guidelines
.
Details:
Send Report
Go to the Sporcle.com Mobile Site →
Comments